Co to za państwo po ciekawostce cz.1 - Statystyki

Ogólne statystyki
  • Ten quiz został rozwiązany 93 razy
  • Średni wynik to 10 z 15
Statystyki odpowiedzi
Ciekawostka Państwo % Poprawnych
Państwo to leży w Ameryce Północnej a i tak graniczy z Królestwem Danii przez wyspę Hansa Kanada
91%
Jest trzecim co do wielkości krajem kontynentu południowoamerykańskiego - po Brazylii i Argentynie. Peru
88%
W okresie komunistycznym tego państwa obchody Święta Niepodległości były nielegalne. Polska
81%
Graniczy z ośmioma państwami: Armenią, Azerbejdżanem, Bułgarią, Gruzją, Grecją, Iranem, Irakiem i Syrią. Turcja
79%
Wynaleziono w tym państwie papier toaletowy Chiny
77%
Największy kraj na Bliskim Wschodzie Arabia saudyjska
73%
W wiekach VIII-VI p.n.e. na Krymie oraz u ujścia Bohu i Donu powstały pierwsze kolonie greckie Ukraina
73%
Znajduję się tutaj największa góra w Afryce (Mt. Kilimandżaro) Tanzania
65%
Jest największym pod względem powierzchni krajem na Karaibach - regionu składającego się z Morza Karaibskiego, tamtejszych wysp oraz otaczających je wybrzeży. Kuba
64%
W mieście uzdrowiskowym Heviz, położonym na zachód od Balatonu, znajduje się największe naturalne jezioro termalne Europy - Heviz Węgry
59%
Drugie co do wielkości państwo Oceanii Papua nowa gwinea
58%
Kraj składa się z 17 regionów autonomicznych (wspólnot) i dwóch miast autonomicznych. Hiszpania
46%
Pierwsze ogólne zgromadzenie wszystkich wolnych mieszkańców wyspy - Althing, odbyło się w 930 roku. Islandia
40%
Raz na 5 lat w powszechnych wyborach głosuje się również na przewodniczącego Prezydium Najwyższego Zgromadzenia Ludowego. Korea północna
35%
"Kraina tysiąca wysp" Chorwacja
27%
Nie znaleziono quizów pasujących do podanych kryteriów
Rozkład punktacji
Procent ludzi z każdym wynikiem
Percentyl według liczby udzielonych odpowiedzi
Twoja historia wyników
Nie rozwiązałeś tego quizu